Southville International School and Colleges
Your cart is empty.
  • Cart
  • Lists
    Public lists Eva Luna New books Lux_list list_1
    Your lists Log in to create your own lists
  • Log in to your account
  • Your cookies
  • Search history
Southville International School and Colleges
  • Advanced search
  • Recent comments
  • Most popular
  • Libraries

Log in to your account

Log in with GOOGLE


If you do not have an external account, but do have a local account, you can still log in:

  1. Home
  2. MARC view: The wound management manual /
Normal view MARC view ISBD view

The wound management manual / (Record no. 21123)

[ view plain ]
MARC details
000 -LEADER
fixed length control field 00738nam a2200217 a 4500
005 - DATE AND TIME OF LATEST TRANSACTION
control field 20140310183310.0
008 - FIXED-LENGTH DATA ELEMENTS--GENERAL INFORMATION
fixed length control field 051014s19uu xx 00 eng d
020 ## - INTERNATIONAL STANDARD BOOK NUMBER
International Standard Book Number 0071239987
050 ## - LIBRARY OF CONGRESS CALL NUMBER
Classification number RD 94
Item number .W698 2005
245 ## - TITLE STATEMENT
Title The wound management manual /
Statement of responsibility, etc edited by Bok Y. Lee.
260 ## - PUBLICATION, DISTRIBUTION, ETC. (IMPRINT)
Place of publication, distribution, etc New York :
Name of publisher, distributor, etc McGraw-Hill Companies, Inc,
Date of publication, distribution, etc 2005.
300 ## - PHYSICAL DESCRIPTION
Extent xii, 381 p. ;
Other physical details ill. ;
Dimensions 27 cm.
521 ## - TARGET AUDIENCE NOTE
Target audience note
650 ## - SUBJECT ADDED ENTRY--TOPICAL TERM
Topical term or geographic name as entry element Wound healing
General subdivision Handbooks, manuals, etc.
650 ## - SUBJECT ADDED ENTRY--TOPICAL TERM
Topical term or geographic name as entry element Skin
General subdivision Ulcers
-- Treatment
-- handbook, manuals, etc.
650 ## - SUBJECT ADDED ENTRY--TOPICAL TERM
Topical term or geographic name as entry element Bedsores
General subdivision Prevention
-- Handbooks, manuals, etc.
650 ## - SUBJECT ADDED ENTRY--TOPICAL TERM
Topical term or geographic name as entry element Wounds and injuries
General subdivision Treatment
-- handbooks, manuals ,etc.
700 ## - ADDED ENTRY--PERSONAL NAME
Personal name Lee, Bok Y., ed.
942 ## - ADDED ENTRY ELEMENTS (KOHA)
Koha item type Books
Source of classification or shelving scheme Library of Congress Classification
Call number prefix Foreign
Holdings
Withdrawn status Lost status Source of classification or shelving scheme Damaged status Home library Current library Shelving location Date acquired Total Checkouts Full call number Barcode Date last seen Copy number Price effective from Koha item type
    Library of Congress Classification   College Library College Library General Circulation Section 01/14/2014   RD 94 .W698 2005 C6170 05/15/2018 1 01/14/2014 Books

The wound management manual /

APA

Lee B. Y. e., . (2005). The wound management manual. New York: McGraw-Hill Companies, Inc.

Chicago

Lee Bok Y ed, . 2005. The wound management manual. New York: McGraw-Hill Companies, Inc.

Harvard

Lee B. Y. e., . (2005). The wound management manual. New York: McGraw-Hill Companies, Inc.

MLA

Lee Bok Y ed, . The wound management manual. New York: McGraw-Hill Companies, Inc. 2005.

  • Place hold
  • Print
  • Cite
  • Add to your cart (remove)
  • Save record
    BIBTEX Dublin Core MARCXML MARC (non-Unicode/MARC-8) MARC (Unicode/UTF-8) MARC (Unicode/UTF-8, Standard) MODS (XML) RIS
  • More searches
    Search for this title in:
    Other Libraries (WorldCat) Other Databases (Google Scholar) Online Stores (Bookfinder.com) Open Library (openlibrary.org)

Exporting to Dublin Core...

SOUTHVILLE LIBRARY

Southville International School and Colleges Library

1281 Tropical Ave. Cor. Luxembourg St., BF Homes International, Las Pinas City

Tel. No. 8256374 / 252358 Loc. 117/146

Powered by Koha